Top 20 U.S. States and American Countries by Population - Statistics

General Stats
  • This quiz has been taken 124 times
  • The average score is 15 of 20
Answer Stats
Population Country % Correct
19,571,216 New York
97%
38,965,193 California
96%
30,503,301 Texas
96%
22,610,726 Florida
91%
130,000,000 Mexico
86%
217,637,297 Brazil
80%
38,395,507 Canada
80%
19,678,363 Chile
80%
52,049,498 Colombia
79%
46,208,747 Argentina
77%
34,035,304 Peru
76%
12,549,689 Illinois
75%
28,705,000 Venezuela
75%
11,785,935 Ohio
71%
12,797,257 Bolivia
70%
11,193,470 Cuba
70%
12,961,683 Pennsylvania
68%
18,697,380 Ecuador
65%
17,109,746 Guatemala
62%
11,743,017 Haiti
56%
No matching quizzes found
Score Distribution
Percent of People with Each Score
Percentile by Number Answered
Your Score History
You have not taken this quiz